It looks like you're offline.
Open Library logo
additional options menu

MARC record from Internet Archive

LEADER: 00713cam 22002170i 4500
008 820920s1915 nyu af f eng e
010 $a15023790
035 $a(Sirsi) ADU-0692
035 0 $fkat
040 $aotmcl$beng
050 4 $aPZ3R636$bG
050 4 $aPS2732$bG6
082 4 $a813.4
090 8 $aPS 2732 .G6$bROBA$c1
100 10 $aGreen, Anna Katharine,$d1846-1935.
245 14 $aThe golden slipper :$band other problems for Violet Strange /$cby Anna Katharine Green (Mrs. Charles Rohlfs) ; frontispiece by A.I. Keller.
260 00 $aNew York :$bPutnam,$c1915.
300 $aiii, 425 p. [1] leaf of plates :$bill.
596 $a26
948 $a07/14/1992$b09/28/1998
926 $aROBARTS$bSTACKS$cPS2732 .G6$dBOOK$f1